000
00305nam a22001337a 4500
008
170912b xxu||||| |||| 00| 0 eng d
020
_a
0471874744
041
_a
eng
080
_2
6TH
_a
53
100
_a
43
101
_a
FIZ
245
_a
INTRODUCTION TO SOLID STATE PHYSICS
_c
KITTEL,CH
942
_2
udc
_c
BK
999
_c
27275
_d
27275